Autonomous Communites of Spain - Flags - Statistics

General Stats
  • This quiz has been taken 51 times
    44 since last reset
  • The average score is 15 of 19
Answer Stats
Picture Answer % Correct
Castilla y León
92%
Catalonia
92%
Madrid
92%
País Vasco
92%
Andalucía
83%
Canarias
83%
Valencia
83%
Aragón
75%
Cantabria
75%
Castilla-La Mancha
75%
Galicia
75%
Islas Baleares
75%
Murcia
75%
Navarra
75%
Asturias
67%
Ceuta
67%
Extremadura
67%
La Rioja
67%
Melilla
67%
No matching quizzes found
Score Distribution
Percent of People with Each Score
Percentile by Number Answered
Your Score History
You have not taken this quiz since the last reset